Partnerstvo univerzity a podnikov v regióne ako predpoklad regionálneho rozvoja

Tvorba a transfer poznatkov v regióne. Možnosti spolupráce a vzťahov medzi subjektmi. Podnikateľské inkubátory. Výskumné parky. Klastre. Partnerstvo na základe Triple helix modelu. Ďalšie formy partnerstva univerzít a podnikov.

Gespeichert in:
Bibliographische Detailangaben
1. Verfasser: Ručinská, Silvia
Weitere Verfasser: Ručinský, Rastislav
Format: Buchkapitel
Sprache:Slowakisch
Schlagworte:
Tags: Tag hinzufügen
Keine Tags, Fügen Sie das erste Tag hinzu!

MARC

LEADER 00000naa$a2200000$$$4500
001 0120467
005 20240502072344.7
041 0 |a slo 
044 |a SK 
245 1 0 |a Partnerstvo univerzity a podnikov v regióne ako predpoklad regionálneho rozvoja  |c Silvia Ručinská, Rastislav Ručinský 
520 |a Tvorba a transfer poznatkov v regióne. Možnosti spolupráce a vzťahov medzi subjektmi. Podnikateľské inkubátory. Výskumné parky. Klastre. Partnerstvo na základe Triple helix modelu. Ďalšie formy partnerstva univerzít a podnikov. 
610 2 0 |a spolupráca podnikov 
610 2 0 |a spolupráca regionálna 
610 2 0 |a univerzity 
610 2 0 |a firmy 
610 2 0 |a partnerstvo strategické 
610 2 0 |a inkubátory podnikateľské 
610 2 0 |a klaster 
610 2 0 |a rozvoj regionálny 
100 1 |a Ručinská, Silvia 
700 1 |a Ručinský, Rastislav